[Event "Riga RTU rapid op"]
[Site "Riga"]
[Date "2019.07.04"]
[Round "9"]
[White "Low, Kevin"]
[Black "Kopylov, Daniel"]
[Result "1/2-1/2"]
[WhiteElo "2153"]
[BlackElo "2103"]
[PlyCount "112"]
[EventDate "2019.07.04"]
[EventType "swiss (rapid)"]
[EventRounds "9"]
[EventCountry "LAT"]
[SourceTitle "EXT 2020"]
[Source "ChessBase"]
[SourceDate "2019.10.17"]
[SourceVersion "1"]
[SourceVersionDate "2019.10.17"]
[SourceQuality "1"]

1. e4 c5 2. Nf3 d6 3. d4 cxd4 4. Nxd4 Nf6 5. Nc3 Nc6 6. Bg5 e6 7. Qd2 Be7 8. 0-0-0 Nxd4 9. Qxd4 0-0 10. f4 Qa5 11. Bc4 Rd8 12. Kb1 h6 13. Bh4 e5 14. Qd2 exf4 15. Nd5 Qxd2 16. Nxe7+ Kf8 17. Rxd2 Kxe7 18. Bxf6+ Kxf6 19. Rf1 Be6 20. Bd5 Bxd5 21. Rxd5 Rac8 22. Rxf4+ Ke6 23. c3 Rc5 24. Kc2 f6 25. Rff5 b6 26. Kd3 Rf8 27. g4 Rf7 28. b4 Rc6 29. c4 Rfc7 30. Rd4 a6 31. a4 Ra7 32. Rfd5 b5 33. cxb5 axb5 34. a5 Rac7 35. Rxb5 Rc3+ 36. Ke2 Rh3 37. Rd2 Rxh2+ 38. Kd3 Rh3+ 39. Kd4 Rhc3 40. Rd3 Rc1 41. a6 R7c4+ 42. Ke3 Re1+ 43. Kd2 Ra1 44. Rb6 Rxe4 45. Rdxd6+ Ke7 46. Rdc6 Ra2+ 47. Kd3 Rxg4 48. Rb7+ Kd8 49. a7 Ra3+ 50. Kc2 Rg2+ 51. Kb1 Rga2 52. Rcc7 Ra1+ 53. Kc2 R1a2+ 54. Kd1 Ra1+ 55. Kd2 R1a2+ 56. Kc1 Ra1+ 1/2-1/2

[Event "Barcelona Sants op 20th"]
[Site "Barcelona"]
[Date "2018.08.17"]
[Round "1"]
[White "Low, Kevin"]
[Black "Martinez Alcantara, Jose Eduardo"]
[Result "0-1"]
[WhiteElo "2123"]
[BlackElo "2561"]
[PlyCount "104"]
[EventDate "2018.08.17"]
[EventType "swiss"]
[EventRounds "10"]
[EventCountry "ESP"]
[SourceTitle "CBM 186 Extra"]
[Source "ChessBase"]
[SourceDate "2018.08.24"]
[SourceVersion "1"]
[SourceVersionDate "2018.08.24"]
[SourceQuality "1"]

1. e4 c5 2. Nf3 d6 3. d4 cxd4 4. Nxd4 Nf6 5. Nc3 a6 6. f3 e6 7. Be3 b5 8. Qd2 Bb7 9. a4 b4 10. Na2 d5 11. e5 Nfd7 12. f4 Nc5 13. Bd3 a5 14. 0-0 Nxd3 15. cxd3 Nc6 16. Nc1 Be7 17. Ncb3 0-0 18. g4 Qd7 19. Nf3 d4 20. Nbxd4 Nxd4 21. Nxd4 Rad8 22. Rac1 Qd5 23. Nf3 Ba6 24. Nd4 Bb7 25. Nf3 Qxd3 26. Qxd3 Rxd3 27. Kf2 Rd7 28. Rfd1 Rxd1 29. Rxd1 Bd5 30. Rd3 Rc8 31. Bb6 h6 32. h3 Rc2+ 33. Rd2 Rc6 34. Be3 Rc4 35. Rd4 Rc8 36. Rd3 b3 37. Nd4 Bb4 38. Kg3 Rc4 39. Kf2 Bc5 40. Nxb3 Rxf4+ 41. Ke2 Bxe3 42. Rxe3 Rxa4 43. Kd2 Rb4 44. Kc2 Bxb3+ 45. Rxb3 Rxb3 46. Kxb3 f5 47. exf6 gxf6 48. Ka4 f5 49. gxf5 exf5 50. Kb3 Kf7 51. Kc4 Ke6 52. Kd4 a4 0-1

[Event "Sitges op 44th"]
[Site "Sitges"]
[Date "2018.07.28"]
[Round "8"]
[White "Nitish, Belurkar"]
[Black "Low, Kevin"]
[Result "1-0"]
[WhiteElo "2306"]
[BlackElo "2122"]
[PlyCount "73"]
[EventDate "2018.07.22"]
[EventType "swiss"]
[EventRounds "9"]
[EventCountry "ESP"]
[SourceTitle "CBM 185 Extra"]
[Source "ChessBase"]
[SourceDate "2018.07.29"]
[SourceVersion "1"]
[SourceVersionDate "2018.07.29"]
[SourceQuality "1"]

1. e4 c5 2. c3 d5 3. exd5 Qxd5 4. d4 Nf6 5. Nf3 Bg4 6. Be2 e6 7. h3 Bh5 8. 0-0 Nc6 9. Be3 cxd4 10. cxd4 Bb4 11. a3 Ba5 12. b4 Bb6 13. Nc3 Qd8 14. Qb3 0-0 15. Rfd1 Ne7 16. Rac1 Ned5 17. Na4 Qe7 18. Nc5 Rac8 19. g4 Bg6 20. Ne5 Rfd8 21. Bf3 Bxc5 22. Nxg6 hxg6 23. dxc5 Nxe3 24. Qxe3 Rc7 25. Rxd8+ Qxd8 26. Rd1 Rd7 27. Rxd7 Qxd7 28. Qe5 Qc8 29. Qd6 Nd7 30. Bxb7 Qxb7 31. c6 Qa6 32. Qxd7 Qe2 33. c7 Qe1+ 34. Kg2 Qe4+ 35. Kg3 Qe5+ 36. Kf3 Qc3+ 37. Kg2 1-0

[Event "Barcelona Sant Marti op-A 20th"]
[Site "Barcelona"]
[Date "2018.07.19"]
[Round "7"]
[White "Iniyan, Panneerseluam"]
[Black "Low, Kevin"]
[Result "1-0"]
[WhiteElo "2451"]
[BlackElo "2122"]
[PlyCount "57"]
[EventDate "2018.07.13"]
[EventType "swiss"]
[EventRounds "9"]
[EventCountry "ESP"]
[SourceTitle "CBM 185 Extra"]
[Source "ChessBase"]
[SourceDate "2018.07.29"]
[SourceVersion "1"]
[SourceVersionDate "2018.07.29"]
[SourceQuality "1"]

1. d4 Nf6 2. c4 e6 3. Nc3 Bb4 4. e3 0-0 5. Bd3 c5 6. Nf3 b6 7. 0-0 Bxc3 8. bxc3 Bb7 9. Nd2 Nc6 10. f4 d6 11. Qe1 e5 12. d5 Ne7 13. Qg3 exf4 14. exf4 b5 15. cxb5 Nexd5 16. c4 Nb6 17. a4 d5 18. Bb2 d4 19. a5 Nbd7 20. a6 Bc8 21. f5 Rb8 22. Nb3 Nh5 23. Qh3 g6 24. g4 Ng7 25. Bc1 Rb6 26. Bf4 g5 27. f6 Nxf6 28. Bxg5 h5 29. Qh4 1-0

[Event "Barcelona Sant Marti op-B 19th"]
[Site "Barcelona"]
[Date "2017.07.19"]
[Round "7"]
[White "Low, Kevin"]
[Black "Hebert, Floriane"]
[Result "1-0"]
[WhiteElo "1843"]
[BlackElo "1567"]
[PlyCount "73"]
[EventDate "2017.07.13"]
[EventType "swiss"]
[EventRounds "9"]
[EventCountry "ESP"]
[SourceTitle "EXT 2018"]
[Source "ChessBase"]
[SourceDate "2017.10.13"]
[SourceVersion "1"]
[SourceVersionDate "2017.10.13"]
[SourceQuality "1"]

1. e4 b6 2. d4 Bb7 3. Bd3 Nf6 4. Qe2 Nc6 5. c3 e6 6. Nf3 h6 7. 0-0 Be7 8. Re1 d6 9. Nbd2 e5 10. d5 Nb8 11. Nf1 c6 12. c4 Nbd7 13. Ng3 0-0 14. Nf5 Nh7 15. Nxe7+ Qxe7 16. Bd2 Nhf6 17. Nh4 Rfe8 18. Nf5 Qf8 19. Rac1 Nc5 20. Bb1 cxd5 21. cxd5 Bc8 22. Qf3 Bxf5 23. Qxf5 Nh7 24. b4 Nb7 25. Rc7 Rab8 26. Rec1 Red8 27. R1c3 g6 28. Rg3 Qg7 29. Bxh6 Qf6 30. Qxf6 Nxf6 31. Bg5 Nh5 32. Bxd8 Nxg3 33. hxg3 Nxd8 34. Rxa7 f6 35. Bd3 Nf7 36. Rd7 Kf8 37. a4 1-0

[Event "Victoria Grand Pacific op 10th"]
[Site "Victoria"]
[Date "2016.03.25"]
[Round "1"]
[White "Ross, Paul"]
[Black "Low, Kevin"]
[Result "1-0"]
[WhiteElo "2348"]
[BlackElo "1922"]
[PlyCount "147"]
[EventDate "2016.03.25"]
[EventType "swiss"]
[EventRounds "6"]
[EventCountry "CAN"]
[SourceTitle "CBM 171 Extra"]
[Source "ChessBase"]
[SourceDate "2016.04.26"]
[SourceVersion "1"]
[SourceVersionDate "2016.04.26"]
[SourceQuality "1"]

1. d4 f5 2. Nf3 Nf6 3. g3 g6 4. Bg2 d6 5. 0-0 Bg7 6. c4 0-0 7. Nc3 Qe8 8. d5 a5 9. Nd4 Na6 10. e4 Nc5 11. exf5 gxf5 12. Nce2 Nfe4 13. f3 Nf6 14. Nf4 Nh5 15. Re1 Nxf4 16. Bxf4 Rf7 17. Qd2 Qa4 18. b3 Qb4 19. Rad1 Qb6 20. Kh1 Bd7 21. Bg5 Re8 22. Ne6 Bh8 23. Re2 Bxe6 24. dxe6 Rff8 25. Bh6 Rf6 26. Qg5+ Rg6 27. Qxf5 Bf6 28. Qh5 Bg7 29. Bxg7 Kxg7 30. f4 Rf8 31. f5 Rgf6 32. g4 a4 33. Qg5+ Kh8 34. Qe3 axb3 35. axb3 Qxb3 36. Qxb3 Nxb3 37. Bxb7 Na5 38. Bd5 c6 39. Be4 Nxc4 40. Bxc6 Ne5 41. Rxe5 dxe5 42. Rd7 Rg8 43. h3 Rg7 44. Rd8+ Rg8 45. Rd7 Rg7 46. Bf3 h5 47. Rd8+ Rg8 48. Rd5 e4 49. Be2 h4 50. Re5 Kh7 51. Kg2 Kh6 52. Kf2 Kg5 53. Rxe4 Rg7 54. Ke3 Rh7 55. Rd4 Rg7 56. Rd8 Rh6 57. Ke4 Rf6 58. Ke5 Rh6 59. Bb5 Rf6 60. Rh8 Rh6 61. Rf8 Rf6 62. Rxf6 exf6+ 63. Kd6 Kf4 64. e7 Rg8 65. e8Q Rxe8 66. Bxe8 Kg3 67. g5 Kxh3 68. g6 Kg3 69. g7 h3 70. g8Q+ Kh2 71. Qg4 Kh1 72. Qxh3+ Kg1 73. Qg3+ Kf1 74. Bb5# 1-0

[Event "Francophone-ch 3rd"]
[Site "Montreal"]
[Date "2015.07.19"]
[Round "4"]
[White "Low, Kevin"]
[Black "Luksza, Arkadiusz"]
[Result "0-1"]
[WhiteElo "1752"]
[BlackElo "2160"]
[PlyCount "74"]
[EventDate "2015.07.17"]
[EventType "swiss"]
[EventRounds "9"]
[EventCountry "CAN"]
[SourceTitle "EXT 2016"]
[Source "ChessBase"]
[SourceDate "2015.10.08"]
[SourceVersion "1"]
[SourceVersionDate "2015.10.08"]
[SourceQuality "1"]

1. e4 c6 2. d4 d5 3. exd5 cxd5 4. c4 e6 5. a3 Nc6 6. Nf3 Be7 7. Nc3 h6 8. h3 Nf6 9. Bd3 0-0 10. 0-0 b6 11. b4 dxc4 12. Bxc4 Nd5 13. Ne4 Bb7 14. Bb2 Rc8 15. Ba2 Nf6 16. Nxf6+ Bxf6 17. Re1 Qd6 18. Qd3 Rfd8 19. Rad1 Ne7 20. Bb1 g6 21. Qb3 Bg7 22. Ne5 Nf5 23. Qa4 a6 24. Ba2 b5 25. Qa5 Rc2 26. Nxf7 Qf4 27. Qxd8+ Kh7 28. Rf1 Bxg2 29. Bxe6 Bxh3 30. Bxf5 Qxf5 31. Qd6 Rxb2 32. Nd8 Bxf1 33. Rxf1 Qg4+ 34. Kh2 Rb3 35. Qg3 Rxg3 36. fxg3 Qe2+ 37. Kg1 Bxd4+ 0-1

[Event "Francophone-ch 3rd"]
[Site "Montreal"]
[Date "2015.07.17"]
[Round "1"]
[White "Mona, Khaled"]
[Black "Low, Kevin"]
[Result "1-0"]
[WhiteElo "2184"]
[BlackElo "1752"]
[PlyCount "49"]
[EventDate "2015.07.17"]
[EventType "swiss"]
[EventRounds "9"]
[EventCountry "CAN"]
[SourceTitle "EXT 2016"]
[Source "ChessBase"]
[SourceDate "2015.10.08"]
[SourceVersion "1"]
[SourceVersionDate "2015.10.08"]
[SourceQuality "1"]

1. d4 f5 2. c4 Nf6 3. Nc3 g6 4. e3 Bg7 5. Bd3 d6 6. Nge2 c6 7. b4 e5 8. a4 e4 9. Bb1 Be6 10. Ba2 Na6 11. Ba3 Nc7 12. b5 Bf7 13. Qb3 Rb8 14. Rb1 Ra8 15. bxc6 bxc6 16. Qb4 Bf8 17. Qb7 Qd7 18. d5 cxd5 19. Nb5 Rc8 20. Nxa7 Ra8 21. Nb5 Rc8 22. Bb2 Ke7 23. Na7 Ra8 24. Nc6+ Ke6 25. Ned4# 1-0

[Event "CAN-ch U10"]
[Site "Windsor"]
[Date "2015.07.09"]
[Round "7.96"]
[White "Russo, Max"]
[Black "Low, Kevin"]
[Result "0-1"]
[WhiteElo "1445"]
[BlackElo "1836"]
[PlyCount "66"]
[EventDate "2015.07.06"]
[EventType "swiss"]
[EventRounds "7"]
[EventCountry "CAN"]
[SourceTitle "EXT 2022"]
[Source "ChessBase"]
[SourceDate "2021.10.06"]
[SourceVersion "1"]
[SourceVersionDate "2021.10.06"]
[SourceQuality "1"]

1. e4 c5 2. Nf3 d6 3. d4 cxd4 4. Nxd4 Nf6 5. Nc3 a6 6. f3 e5 7. Nb3 Be6 8. Be3 h5 9. Nc1 Nbd7 10. Nd3 Rc8 11. Qd2 Be7 12. 0-0-0 0-0 13. Be2 Nb6 14. b3 Qc7 15. Kb2 Rfd8 16. h3 h4 17. Bg5 d5 18. exd5 Nbxd5 19. Nxd5 Bxd5 20. Bxh4 e4 21. Ne1 Bxb3 22. Qc1 Qc3+ 23. Kb1 Rxd1 24. Bxd1 Bxa2+ 25. Kxa2 Rc4 26. Qb2 Ra4+ 27. Kb1 Rb4 28. Qxb4 Qxb4+ 29. Kc1 Qc3 30. Be2 Ba3+ 31. Kd1 Qa1+ 32. Kd2 Bc1+ 33. Kd1 Bg5# 0-1

[Event "CAN-ch U10"]
[Site "Windsor"]
[Date "2015.07.08"]
[Round "4.95"]
[White "Low, Kevin"]
[Black "Tanaka, Taira Tyler"]
[Result "1/2-1/2"]
[WhiteElo "1836"]
[BlackElo "1294"]
[PlyCount "67"]
[EventDate "2015.07.06"]
[EventType "swiss"]
[EventRounds "7"]
[EventCountry "CAN"]
[SourceTitle "EXT 2022"]
[Source "ChessBase"]
[SourceDate "2021.10.06"]
[SourceVersion "1"]
[SourceVersionDate "2021.10.06"]
[SourceQuality "1"]

1. Nf3 Nf6 2. g3 g6 3. Bg2 Bg7 4. 0-0 0-0 5. d3 d6 6. Nbd2 c5 7. e4 Nc6 8. c3 Bd7 9. Nh4 Qc8 10. f4 Bh3 11. f5 Bxg2 12. Kxg2 d5 13. Qe2 dxe4 14. dxe4 Ne5 15. Nc4 Nfd7 16. Ne3 Nb6 17. Ng4 Nxg4 18. Qxg4 Qc6 19. Bg5 Nc4 20. Qe2 Nb6 21. Rae1 Bf6 22. Bxf6 exf6 23. Qg4 Kg7 24. Kg1 Rae8 25. fxg6 fxg6 26. Nf5+ Kh8 27. Nh4 Kg7 28. Ng2 Nc4 29. Re2 Nd6 30. Rfe1 Re5 31. Nf4 Rfe8 32. Nd5 f5 33. Qf4 Nxe4 34. c4 1/2-1/2

[Event "CAN-ch U10"]
[Site "Windsor"]
[Date "2015.07.08"]
[Round "5.97"]
[White "Richard, Leo"]
[Black "Low, Kevin"]
[Result "0-1"]
[WhiteElo "1264"]
[BlackElo "1836"]
[PlyCount "76"]
[EventDate "2015.07.06"]
[EventType "swiss"]
[EventRounds "7"]
[EventCountry "CAN"]
[SourceTitle "EXT 2022"]
[Source "ChessBase"]
[SourceDate "2021.10.06"]
[SourceVersion "1"]
[SourceVersionDate "2021.10.06"]
[SourceQuality "1"]

1. e4 c5 2. Nf3 d6 3. d4 cxd4 4. Nxd4 Nf6 5. Nc3 a6 6. Be2 e5 7. Nb3 Be7 8. 0-0 0-0 9. f4 Nbd7 10. Be3 b5 11. Bf3 Bb7 12. a3 Rc8 13. Kh1 Rxc3 14. bxc3 Bxe4 15. Bxe4 Nxe4 16. Qd3 Ndf6 17. Nd2 Qa8 18. a4 Qc6 19. axb5 axb5 20. c4 bxc4 21. Qxc4 Qxc4 22. Nxc4 exf4 23. Bxf4 d5 24. Ne3 h6 25. h3 Bc5 26. Rfe1 Re8 27. Kh2 g5 28. Bc7 Kh7 29. Nf1 Kg6 30. Ng3 Bd4 31. Rab1 Rc8 32. Rb7 Rxc7 33. Rxc7 Be5 34. Ra7 Bxg3+ 35. Kg1 Bxe1 36. Re7 Nh5 37. c4 Nhg3 38. Kh2 Bf2 0-1

[Event "Victoria Grand Pacific op 9th"]
[Site "Victoria"]
[Date "2015.04.04"]
[Round "2"]
[White "Low, Kevin"]
[Black "Trochtchanovitch, Pavel"]
[Result "0-1"]
[WhiteElo "1800"]
[BlackElo "1958"]
[PlyCount "90"]
[EventDate "2015.04.03"]
[EventType "swiss"]
[EventRounds "6"]
[EventCountry "CAN"]
[SourceTitle "CBM 166 Extra"]
[Source "ChessBase"]
[SourceDate "2015.06.18"]
[SourceVersion "1"]
[SourceVersionDate "2015.06.18"]
[SourceQuality "1"]

1. g3 e5 2. Bg2 Nc6 3. d3 Bc5 4. e4 Nf6 5. Nc3 d6 6. h3 Be6 7. f4 g6 8. a3 Nh5 9. Nge2 Nd4 10. Nxd4 Bxd4 11. Ne2 Bb6 12. Rf1 c6 13. f5 Bd7 14. Bh6 Nxg3 15. Nxg3 Qh4 16. Qf3 Qxh6 17. fxg6 Qxg6 18. Nf5 Bxf5 19. exf5 Qh6 20. Ke2 Rg8 21. b4 0-0-0 22. b5 d5 23. f6 e4 24. Qf5+ Kb8 25. Bh1 Qe3+ 26. Kd1 Ba5 27. Qf2 Qxf2 28. Rxf2 Rg1+ 29. Ke2 Rxa1 30. dxe4 Rxh1 31. exd5 Rxd5 32. bxc6 bxc6 33. Kf3 Rxh3+ 34. Kg2 Rxa3 35. c4 Rg5+ 36. Kf1 Bb6 37. Rh2 Rg1+ 38. Ke2 Ra2+ 39. Kd3 Rxh2 40. Ke4 Rf2 41. c5 Re1+ 42. Kd3 Ba5 43. Kc4 Rd2 44. Kb3 Rd3+ 45. Ka4 Ra1# 0-1

[Event "Toronto NAYCC U08"]
[Site "Toronto"]
[Date "2013.08.16"]
[Round "4"]
[White "Low, Kevin"]
[Black "Lalwani, Jay"]
[Result "1-0"]
[WhiteElo "1451"]
[BlackElo "1509"]
[PlyCount "149"]
[EventDate "2013.08.14"]
[EventType "swiss"]
[EventRounds "9"]
[EventCountry "CAN"]
[SourceTitle "EXT 2022"]
[Source "ChessBase"]
[SourceDate "2021.10.06"]
[SourceVersion "1"]
[SourceVersionDate "2021.10.06"]
[SourceQuality "1"]

1. e4 c5 2. Nf3 d6 3. d4 cxd4 4. Nxd4 Nf6 5. Nc3 a6 6. f3 e5 7. Nb3 Be6 8. Be3 Be7 9. Qd2 0-0 10. 0-0-0 Nc6 11. g4 b5 12. Kb1 b4 13. Ne2 a5 14. Ng3 a4 15. Nc1 d5 16. g5 d4 17. Bf2 Nd7 18. h4 Nc5 19. Bh3 Bc4 20. Nf5 b3 21. cxb3 axb3 22. a3 Qc7 23. h5 Qa7 24. Rdg1 Ne6 25. g6 fxg6 26. hxg6 h6 27. Nxh6+ gxh6 28. Qxh6 Bf6 29. Bxe6+ Bxe6 30. g7 Bxg7 31. Qh7+ Kf7 32. Rxg7+ Ke8 33. Rxa7 Rxa7 34. Qg6+ Kd7 35. Rh7+ Kd6 36. Rxa7 Nxa7 37. Qg7 Rf7 38. Qh8 Nc6 39. Qh5 Kd7 40. Nd3 Kd6 41. Bg3 Bc4 42. Nxe5 Nxe5 43. Qxe5+ Kd7 44. Qc7+ Ke8 45. Qxc4 Rxf3 46. Qe6+ Kd8 47. Bh4+ Kc7 48. Qc4+ Kd7 49. Qxd4+ Kc7 50. Qc3+ Rxc3 51. bxc3 Kd6 52. Kb2 Ke5 53. Kxb3 Kxe4 54. Kc4 Ke5 55. Kc5 Ke4 56. c4 Kd3 57. a4 Kc3 58. a5 Kb3 59. a6 Kc3 60. Bf6+ Kd3 61. a7 Ke4 62. a8Q+ Kf5 63. Qf8 Ke4 64. Qe7+ Kf5 65. Kd5 Kf4 66. Qe5+ Kf3 67. Bh4 Kg4 68. Qg5+ Kf3 69. Ke5 Ke2 70. Qf4 Kd3 71. Qd4+ Ke2 72. Qc3 Kf1 73. Qb2 Kg1 74. Bg3 Kf1 75. Qf2# 1-0

[Event "Toronto NAYCC U08"]
[Site "Toronto"]
[Date "2013.08.15"]
[Round "2"]
[White "Low, Kevin"]
[Black "Tang, Matthew"]
[Result "1/2-1/2"]
[WhiteElo "1451"]
[BlackElo "1031"]
[PlyCount "123"]
[EventDate "2013.08.14"]
[EventType "swiss"]
[EventRounds "9"]
[EventCountry "CAN"]
[SourceTitle "EXT 2022"]
[Source "ChessBase"]
[SourceDate "2021.10.06"]
[SourceVersion "1"]
[SourceVersionDate "2021.10.06"]
[SourceQuality "1"]

1. e4 e5 2. Nf3 Nc6 3. Bc4 Nf6 4. d3 Bc5 5. c3 0-0 6. 0-0 d6 7. Nbd2 Be6 8. Bxe6 fxe6 9. b4 Bb6 10. a4 a5 11. b5 Ne7 12. Qb3 Qd7 13. Ba3 h6 14. Nc4 Ng6 15. Bxd6 Rfe8 16. Nxb6 cxb6 17. Bxe5 Qxd3 18. Bxf6 gxf6 19. Rfe1 Rac8 20. Re3 Qc4 21. Qxc4 Rxc4 22. Nd4 e5 23. Nf5 Rd8 24. Nxh6+ Kh7 25. Nf5 Rc7 26. Kf1 Ne7 27. Rh3+ Kg8 28. Rg3+ Kf8 29. Rg7 Rdd7 30. Rxe7 Rxe7 31. Nxe7 Rxe7 32. Ke2 Rc7 33. Rc1 Rc4 34. Rd1 Rxe4+ 35. Kf3 Rc4 36. Rd6 Rxc3+ 37. Ke2 Ke7 38. Rxb6 Rc7 39. g4 Kf7 40. h4 Rc2+ 41. Kf3 Rc3+ 42. Kg2 Rc7 43. Kg3 Rc3+ 44. Kg2 Rc7 45. h5 Kg7 46. Kh3 Rc3+ 47. Kh4 Rc7 48. g5 Rc4+ 49. Kg3 fxg5 50. Rg6+ Kh7 51. Rxg5 Rxa4 52. Rxe5 Ra3+ 53. Kg2 Kh6 54. b6 Rb3 55. Rxa5 Rxb6 56. Kg3 Rb4 57. Rf5 b5 58. Rf4 Rxf4 59. Kxf4 b4 60. Ke3 Kxh5 61. Kd4 Kg4 62. Kc4 1/2-1/2

[Event "CAN-ch U08"]
[Site "Ottawa"]
[Date "2013.07.12"]
[Round "5"]
[White "Huang, Patrick"]
[Black "Low, Kevin"]
[Result "1/2-1/2"]
[WhiteElo "1040"]
[BlackElo "1484"]
[PlyCount "142"]
[EventDate "2013.07.10"]
[EventType "swiss"]
[EventRounds "6"]
[EventCountry "CAN"]
[SourceTitle "EXT 2022"]
[Source "ChessBase"]
[SourceDate "2021.10.06"]
[SourceVersion "1"]
[SourceVersionDate "2021.10.06"]
[SourceQuality "1"]

1. e4 c5 2. Nf3 e6 3. d4 cxd4 4. Nxd4 a6 5. c4 Qc7 6. Nc3 Nf6 7. a3 Bc5 8. Be3 b6 9. b4 Be7 10. Be2 0-0 11. 0-0 Bb7 12. Qc2 d6 13. Rac1 Nbd7 14. f4 Rac8 15. f5 e5 16. Nb3 Qb8 17. Rf3 Qa8 18. Bd3 Ng4 19. Nd5 Bxd5 20. exd5 Nxe3 21. Rxe3 Bg5 22. Rh3 Bxc1 23. f6 g6 24. Qxc1 Nxf6 25. Qg5 Kg7 26. Qh6+ Kh8 27. Bf5 Rxc4 28. Qg5 Ng8 29. Bd3 Rf4 30. Rf3 Rxf3 31. gxf3 Qxd5 32. Nc1 Qxf3 33. Bxa6 Qf4 34. Qxf4 exf4 35. Kf2 Ne7 36. b5 f5 37. Bb7 d5 38. Nd3 Rb8 39. Ba6 g5 40. Ne5 Ra8 41. Nd7 Rxa6 42. bxa6 Nc8 43. Ne5 Na7 44. Nf7+ Kg7 45. Nxg5 Kf6 46. Nxh7+ Kg6 47. Nf8+ Kf7 48. Nd7 Ke6 49. Nxb6 d4 50. Nc4 Kd5 51. Nd2 d3 52. Kf3 Ke5 53. h4 Nb5 54. a4 Nd4+ 55. Kf2 Nc6 56. h5 Kf6 57. Kf3 Kg5 58. h6 Kxh6 59. Kxf4 Kg6 60. Ke3 Kf6 61. Kxd3 Ke5 62. Nf3+ Kd5 63. Kc3 Kc5 64. Nd4 Ne7 65. Nxf5 Nd5+ 66. Kb3 Nc7 67. a5 Kb5 68. a7 Kxa5 69. Ne7 Kb6 70. Nc8+ Kb7 71. Ne7 Kxa7 1/2-1/2

[Event "CAN-ch U08"]
[Site "Vancouver"]
[Date "2012.07.06"]
[Round "7"]
[White "Low, Kevin"]
[Black "Vettese, Nicholas"]
[Result "1-0"]
[WhiteElo "917"]
[BlackElo "821"]
[PlyCount "49"]
[EventDate "2012.07.03"]
[EventType "swiss"]
[EventRounds "7"]
[EventCountry "CAN"]
[SourceTitle "EXT 2022"]
[Source "ChessBase"]
[SourceDate "2021.10.06"]
[SourceVersion "1"]
[SourceVersionDate "2021.10.06"]
[SourceQuality "1"]

1. d4 d5 2. Nf3 Nc6 3. Bf4 Nf6 4. e3 Nh5 5. Bg3 Nxg3 6. hxg3 Bg4 7. Be2 Bf5 8. Nbd2 h6 9. c3 e6 10. Ne5 Nxe5 11. dxe5 Be7 12. g4 Bh7 13. f4 0-0 14. Bf3 Bc5 15. Qe2 a6 16. 0-0-0 Qd7 17. Rh2 Rad8 18. Rdh1 Rfe8 19. g5 Qe7 20. gxh6 gxh6 21. Rxh6 Bf5 22. Qf2 Qd7 23. Rh8+ Kg7 24. Qg3+ Bg6 25. R1h7# 1-0